skbl

Dr Suryya Kumar Bhuyan Library Web-OPAC
ডঃ সূৰ্য্য
কুমাৰ ভূঞা পুথিভঁৰাল ৱেব-অ'পেক

All Research Scholars are advised to clear the annual library fees to continue using Library Resources, Remote Access, Plagiarism Test and Library Clearance.

Cotton University Book Fair 2026

Critical essays on post-colonial literature (Record no. 62631)

MARC details
000 -LEADER
fixed length control field 00539nam a2200181Ia 4500
001 - CONTROL NUMBER
control field 61522
008 - FIXED-LENGTH DATA ELEMENTS--GENERAL INFORMATION
fixed length control field 170222n2012 ii |||gr||||Z||||||465
082 ## - DEWEY DECIMAL CLASSIFICATION NUMBER
Classification number 820.9
100 ## - MAIN ENTRY--PERSONAL NAME
Personal name Das, Bijay Kumar,
Relator term Author.
245 #0 - TITLE STATEMENT
Title Critical essays on post-colonial literature
Statement of responsibility, etc. by Bijay Kumar Das
Medium Textual Documents
250 ## - EDITION STATEMENT
Edition statement 3rd rev and enlrd ed.
260 ## - PUBLICATION, DISTRIBUTION, ETC.
Place of publication, distribution, etc. Delhi
Name of publisher, distributor, etc. Atlantic Publishers
Date of publication, distribution, etc. 2012
300 ## - PHYSICAL DESCRIPTION
Extent xii, 232p:
Dimensions 21cm.
653 ## - INDEX TERM--UNCONTROLLED
Uncontrolled term English
653 ## - INDEX TERM--UNCONTROLLED
Uncontrolled term English essay, post-colonial literature
653 ## - INDEX TERM--UNCONTROLLED
Uncontrolled term G-English
942 ## - ADDED ENTRY ELEMENTS (KOHA)
Source of classification or shelving scheme Dewey Decimal Classification
Koha item type Books
Holdings
Withdrawn status Lost status Damaged status Not for loan Collection Home library Current library Shelving location Date acquired Cost, normal purchase price Total checkouts Full call number Barcode Date last seen Copy number Price effective from Koha item type
          Dr. Suryya Kumar Bhuyan Library Dr. Suryya Kumar Bhuyan Library   22/02/2017 195.00   820.9 Sa 26 Cr 1160/Eng 14/01/2024 1 22/02/2017 Books

Designed and Maintained by Team SKBL
©1901-2026

Powered by Koha